| 000 | 00539nam a22002177a 4500 | ||
|---|---|---|---|
| 999 |
_c5408 _d5408 |
||
| 001 | 5408 | ||
| 003 | BD-JhCC | ||
| 005 | 20171221101814.0 | ||
| 008 | 171213s1955 e |||| ||a| 000 0 eng d | ||
| 035 | _a(BD-JhCC) 5408 | ||
| 040 |
_aBD-JhCC _dBD-JhCC |
||
| 041 | _aeng | ||
| 082 |
_a321.02 _bLEE 1955 |
||
| 100 | _aLee, H.D.P. | ||
| 245 |
_aPlato the Republic / _c H.D.P. Lee |
||
| 260 |
_aLondon : _bPENGUIN BOOKS , _c1955 |
||
| 300 |
_a405 p .: _c17 cm . |
||
| 650 | _aPolitical Science, Utopias | ||
| 942 |
_2ddc _cBK |
||